000
00274 a2200145 4500
001
169860
020
_a
040
_c
Magnum
100
_a
Weinberg, Naum
240
1
0
_a
Criatividade
_l
por
245
1
0
_a
Criatividade
362
0
_a
1899
697
_a
ENSINO
942
_c
BK
999
_c
169860
_d
169860